[Event "9th Edmonton International Section B"]
[Site "Edmonton"]
[Date "2014.06.23"]
[Round "3"]
[White "Salehian, Mohammad"]
[Black "Sequillion, Aaron"]
[Result "0-1"]
[WhiteElo "1859"]
[BlackElo "2214"]
[PlyCount "144"]
[EventDate "2014.06.21"]
[EventType "tourn"]
[EventRounds "5"]
[EventCountry "CAN"]

1. d4 Nf6 2. Nf3 g6 3. c4 Bg7 4. Nc3 O-O 5. e4 d6 6. Be2 e5 7. Be3 Ng4 8. Bg5
f6 9. Bh4 Nd7 10. d5 a5 11. Nd2 Nh6 12. f3 Nc5 13. O-O Bd7 14. Nb3 b6 15. Nb5
Bxb5 16. cxb5 Qe8 17. Nd2 f5 18. b3 Nf7 19. a3 Bh6 20. Rb1 Bxd2 21. Qxd2 fxe4
22. b4 exf3 23. Bxf3 axb4 24. axb4 e4 25. Be2 Nd3 26. Bxd3 exd3 27. Qxd3 Ne5
28. Rxf8+ Qxf8 29. Qc3 Qf7 30. Rf1 Qd7 31. Bg3 Re8 32. Re1 Qxb5 33. Qxc7 Qxb4
34. Rf1 Qc5+ 35. Qxc5 bxc5 36. Rf6 Rd8 37. Re6 Nf7 38. Kf1 Kf8 39. h4 Rd7 40.
Bh2 c4 41. Bf4 c3 42. Ke1 Re7 43. Kd1 Rxe6 44. dxe6 Ne5 45. Bg5 Nc6 46. Kc2
Nd4+ 47. Kxc3 Nxe6 48. Bh6+ Kf7 49. Kc4 Nc7 50. Kd4 Ke6 51. Ke4 d5+ 52. Kf4 Ne8
53. g4 Nd6 54. Bf8 Ne4 55. Bb4 h6 56. Bf8 g5+ 57. Kf3 gxh4 58. Bxh6 Ke5 59.
Bg7+ Ke6 60. Bd4 h3 61. Bb2 Kd6 62. Bd4 Kc6 63. Bg1 Kb5 64. g5 Nxg5+ 65. Kg4 d4
66. Kg3 Kc4 67. Bxd4 Kxd4 68. Kh2 Ke3 69. Kh1 Kf3 70. Kh2 Kg4 71. Kh1 Kg3 72.
Kg1 Ne4 0-1

[Event "9th Edmonton International Section B"]
[Site "Edmonton"]
[Date "2014.06.23"]
[Round "3"]
[White "Tran-Ly, Tristan"]
[Black "Miller, David"]
[Result "0-1"]
[WhiteElo "1945"]
[BlackElo "2208"]
[PlyCount "70"]
[EventDate "2014.06.21"]
[EventType "tourn"]
[EventRounds "5"]
[EventCountry "CAN"]

1. d4 Nf6 2. c4 d6 3. Nc3 e5 4. dxe5 dxe5 5. Qxd8+ Kxd8 6. Bg5 Be7 7. Nf3 Nbd7
8. Rd1 Ke8 9. g3 h6 10. Bc1 c6 11. Bg2 a5 12. e4 Bb4 13. Bd2 a4 14. a3 Ba5 15.
O-O Bc7 16. h3 Nc5 17. Bc1 Be6 18. Be3 Nb3 19. c5 Nd7 20. Nh4 Ndxc5 21. Nf5 Bc4
22. Rfe1 g6 23. Nd6+ Bxd6 24. Rxd6 Nd3 25. Rxd3 Bxd3 26. f4 exf4 27. gxf4 Ke7
28. e5 Rhd8 29. Be4 Bxe4 30. Nxe4 Ke6 31. Nd6 b5 32. Kf2 f6 33. Kg3 fxe5 34.
fxe5 g5 35. Rf1 Rf8 0-1

[Event "9th Edmonton International Section B"]
[Site "Edmonton"]
[Date "2014.06.23"]
[Round "3"]
[White "Zeggelaar, Mike"]
[Black "Gardner, Robert"]
[Result "0-1"]
[WhiteElo "2011"]
[BlackElo "2295"]
[PlyCount "64"]
[EventDate "2014.06.21"]
[EventType "tourn"]
[EventRounds "5"]
[EventCountry "CAN"]

1. e4 d6 2. d4 Nf6 3. Nc3 g6 4. f4 Bg7 5. e5 Nfd7 6. Nf3 c5 7. e6 fxe6 8. Ng5
Nf6 9. dxc5 Nc6 10. Be3 O-O 11. Qd2 Qa5 12. Bc4 d5 13. Be2 d4 14. Bxd4 Rd8 15.
Qe3 Nxd4 16. O-O-O Nxe2+ 17. Qxe2 Nd5 18. Nxd5 Rxd5 19. Rxd5 exd5 20. Qxe7 Bf5
21. Qf7+ Kh8 22. Qxd5 h6 23. h4 Bg4 24. Nf7+ Kh7 25. f5 gxf5 26. Ng5+ hxg5 27.
hxg5+ Kg6 28. Qe6+ Kxg5 29. Rh7 Qc7 30. Qe3+ Kg6 31. Rh1 Qe5 32. Qb3 Re8 0-1

[Event "9th Edmonton International Section B"]
[Site "Edmonton"]
[Date "2014.06.24"]
[Round "4"]
[White "Gardner, Robert"]
[Black "Tran-Ly, Tristan"]
[Result "1-0"]
[WhiteElo "2295"]
[BlackElo "1945"]
[PlyCount "63"]
[EventDate "2014.06.21"]
[EventType "tourn"]
[EventRounds "5"]
[EventCountry "CAN"]

1. d4 Nf6 2. c4 e6 3. Nc3 Bb4 4. e3 O-O 5. Bd3 c5 6. Nge2 Nc6 7. O-O d5 8. a3
Bxc3 9. bxc3 b6 10. cxd5 exd5 11. a4 c4 12. Bc2 Re8 13. f3 Qc7 14. Ng3 h5 15.
Re1 h4 16. Nf1 Bb7 17. e4 dxe4 18. fxe4 Na5 19. e5 Qc6 20. Ne3 Rad8 21. Qe2 Nd5
22. Nxd5 Qxd5 23. Qg4 f6 24. Bg6 fxe5 25. Bxe8 Rxe8 26. Bf4 e4 27. Be5 Rxe5 28.
dxe5 e3 29. Rad1 Qf7 30. Rd8+ Kh7 31. Qxh4+ Kg6 32. Rd6+ 1-0

[Event "9th Edmonton International Section B"]
[Site "Edmonton"]
[Date "2014.06.24"]
[Round "4"]
[White "Salehian, Mohammad"]
[Black "Zeggelaar, Mike"]
[Result "0-1"]
[WhiteElo "1859"]
[BlackElo "2011"]
[PlyCount "84"]
[EventDate "2014.06.21"]
[EventType "tourn"]
[EventRounds "5"]
[EventCountry "CAN"]

1. d4 Nf6 2. Nf3 g6 3. c4 Bg7 4. Nc3 d6 5. e4 O-O 6. Be2 e5 7. Be3 Nc6 8. d5
Ne7 9. Nd2 Ne8 10. c5 f5 11. f3 f4 12. Bf2 Nf6 13. cxd6 cxd6 14. Nc4 Ne8 15.
O-O g5 16. Nb5 h5 17. Nxa7 h4 18. Qb3 h3 19. Nxc8 Rxc8 20. gxh3 Qd7 21. Nb6
Qxh3 22. Nxc8 Nxc8 23. Rfc1 Nf6 24. Qxb7 g4 25. Rxc8 g3 26. Rxf8+ Bxf8 27. hxg3
fxg3 28. Bxg3 Qxg3+ 29. Kf1 Nh5 30. Qd7 Qh2 31. Qg4+ Kf7 32. Qe6+ Kg7 33. Qg4+
Kf7 34. Qg2 Qh4 35. Qf2 Qh1+ 36. Qg1 Qh4 37. Bb5 Bh6 38. Qa7+ Kf6 39. Be8 Qh1+
40. Qg1 Qxf3+ 41. Qf2 Ng3+ 42. Ke1 Bd2+ 0-1

[Event "9th Edmonton International Section B"]
[Site "Edmonton"]
[Date "2014.06.24"]
[Round "4"]
[White "Sequillion, Aaron"]
[Black "Miller, David"]
[Result "1/2-1/2"]
[WhiteElo "2214"]
[BlackElo "2208"]
[PlyCount "100"]
[EventDate "2014.06.21"]
[EventType "tourn"]
[EventRounds "5"]
[EventCountry "CAN"]

1. e4 c5 2. Nf3 d6 3. d4 cxd4 4. Nxd4 Nf6 5. Nc3 a6 6. h3 e5 7. Nde2 Be6 8. g4
d5 9. exd5 Nxd5 10. Bg2 Bb4 11. O-O Bxc3 12. Nxc3 Nxc3 13. Qxd8+ Kxd8 14. bxc3
Nc6 15. f4 h5 16. g5 Kc8 17. fxe5 Nxe5 18. Bf4 Ng6 19. Rab1 Nxf4 20. Rxf4 Ra7
21. Rb6 Rd8 22. g6 Kc7 23. Rfb4 Bd5 24. gxf7 Bxg2 25. Kxg2 Rf8 26. Rg6 Rxf7 27.
Rh4 b5 28. Rxh5 Kc8 29. Rh8+ Kb7 30. Rg8 Ra8 31. Rxa8 Kxa8 32. Rxa6+ Kb7 33.
Rg6 Rd7 34. Kf3 Rc7 35. Kg2 Rxc3 36. Rxg7+ Kc6 37. Kh2 Rxc2+ 38. Rg2 Rc3 39. h4
Kd7 40. Kg1 Ke6 41. h5 Rh3 42. Rh2 Rxh2 43. Kxh2 Kf5 44. Kg3 Kg5 45. h6 Kxh6
46. Kf4 b4 47. Kf5 Kg7 48. Ke6 Kg6 49. Kd6 Kf6 50. Kd5 Ke7 1/2-1/2

[Event "9th Edmonton International Section B"]
[Site "Edmonton"]
[Date "2014.06.25"]
[Round "5"]
[White "Miller, David"]
[Black "Gardner, Robert"]
[Result "1/2-1/2"]
[WhiteElo "2208"]
[BlackElo "2295"]
[PlyCount "112"]
[EventDate "2014.06.21"]
[EventType "tourn"]
[EventRounds "5"]
[EventCountry "CAN"]

1. e4 d6 2. d4 Nf6 3. Nc3 g6 4. f4 Bg7 5. Nf3 c5 6. Bb5+ Bd7 7. Bxd7+ Nfxd7 8.
Be3 O-O 9. Qd2 Qa5 10. O-O-O b5 11. Kb1 b4 12. Ne2 Nb6 13. h4 Nc6 14. h5 Rab8
15. hxg6 hxg6 16. b3 c4 17. d5 Qa3 18. Qc1 Qxc1+ 19. Kxc1 Na5 20. Bd4 Rfc8 21.
Kb1 Bxd4 22. Rxd4 Kg7 23. Ng5 Rh8 24. Rdd1 Nb7 25. Nd4 Na5 26. Ndf3 Nd7 27.
Rhe1 Rh5 28. e5 dxe5 29. fxe5 Nc5 30. d6 e6 31. g4 Rh6 32. Rh1 Rbh8 33. Rhf1
Nd7 34. Rde1 Nc6 35. bxc4 a5 36. Kb2 a4 37. Nxf7 a3+ 38. Kc1 Kxf7 39. Nd4+ Ke8
40. Nxc6 Rh4 41. Re4 Rh1 42. Ref4 g5 43. Rf7 Rxf1+ 44. Rxf1 Rh4 45. Rg1 Rh3 46.
Nxb4 Nxe5 47. c5 Rc3 48. c6 Nxc6 49. Nxc6 Rxc6 50. Rg3 Rxd6 51. Rxa3 Rd4 52.
Rg3 Rf4 53. c3 Ke7 54. Kc2 e5 55. Rg2 Kd6 56. Kd3 Kd5 1/2-1/2

[Event "9th Edmonton International Section B"]
[Site "Edmonton"]
[Date "2014.06.25"]
[Round "5"]
[White "Tran-Ly, Tristan"]
[Black "Salehian, Mohammad"]
[Result "1-0"]
[WhiteElo "1945"]
[BlackElo "1859"]
[PlyCount "73"]
[EventDate "2014.06.21"]
[EventType "tourn"]
[EventRounds "5"]
[EventCountry "CAN"]

1. d4 Nf6 2. c4 e6 3. Nf3 d5 4. g3 b6 5. Bg2 Bb7 6. O-O Be7 7. Qa4+ Bc6 8. Qc2
dxc4 9. Nbd2 b5 10. b3 cxb3 11. axb3 O-O 12. Bb2 Bb7 13. Rfc1 c6 14. e4 a5 15.
Ne5 Nfd7 16. Nd3 Na6 17. e5 Nb4 18. Nxb4 Bxb4 19. Ne4 f5 20. exf6 Nxf6 21. Nc5
Bxc5 22. dxc5 Nd5 23. Re1 Bc8 24. Be4 h6 25. Bh7+ Kf7 26. Qg6+ Ke7 27. Qxg7+
Rf7 28. Qxh6 Qf8 29. Qg5+ Kd7 30. Qg6 Kc7 31. Bg8 Rxf2 32. Be5+ Kb7 33. Qh7+
Ne7 34. Rf1 Rxf1+ 35. Rxf1 Qxg8 36. Qxe7+ Ka6 37. Qc7 1-0

[Event "9th Edmonton International Section B"]
[Site "Edmonton"]
[Date "2014.06.25"]
[Round "5"]
[White "Zeggelaar, Mike"]
[Black "Sequillion, Aaron"]
[Result "0-1"]
[WhiteElo "2011"]
[BlackElo "2214"]
[PlyCount "78"]
[EventDate "2014.06.21"]
[EventType "tourn"]
[EventRounds "5"]
[EventCountry "CAN"]

1. e4 c5 2. Nf3 d6 3. d4 cxd4 4. Nxd4 Nf6 5. Nc3 a6 6. Bg5 Nc6 7. Qd2 Bd7 8.
Be2 e6 9. O-O Be7 10. Rad1 O-O 11. f4 Qc7 12. Nf3 Rfd8 13. Bxf6 Bxf6 14. Kh1
Be8 15. Bd3 Rac8 16. Ng5 h6 17. Nf3 Nb4 18. Ne2 Nxd3 19. cxd3 Qc2 20. Ned4 Bxd4
21. Nxd4 Qa4 22. b4 a5 23. Rb1 Bd7 24. Rb2 Rc7 25. Nf3 Rdc8 26. bxa5 Rc2 27.
Qb4 Rc1 28. Nd2 Rxf1+ 29. Nxf1 Rc1 30. Kg1 Qd1 31. Rf2 Qxd3 32. Qd2 Qxd2 33.
Rxd2 Bb5 34. Rf2 Re1 35. a4 Ba6 36. g3 Rxe4 37. Rd2 Re1 38. Rf2 Kf8 39. Kg2
Bxf1+ 0-1

[Event "2014 Fort McMurray Open"]
[Site "Fort McMurray"]
[Date "2014.07.05"]
[Round "1.1"]
[White "Koperski, Dustin"]
[Black "Porper, Edward"]
[Result "0-1"]
[WhiteElo "1540"]
[BlackElo "2496"]
[PlyCount "64"]
[EventDate "2014.07.05"]
[EventType "swiss"]
[EventRounds "5"]
[EventCountry "CAN"]

1. e4 d6 2. d4 Nf6 3. Nc3 e5 4. Nf3 exd4 5. Qxd4 a6 6. Bc4 Nc6 7. Qd3 Be7 8.
O-O O-O 9. Re1 b5 10. Bb3 Nb4 11. Qd1 c5 12. Bd5 Nbxd5 13. Nxd5 Nxd5 14. exd5
Bf6 15. Rb1 Bf5 16. Bf4 Qd7 17. b3 Rfe8 18. Qd2 b4 19. Re3 Rxe3 20. Bxe3 a5 21.
h3 a4 22. Rc1 Bb2 23. Rd1 h6 24. Rb1 Bc3 25. Qc1 axb3 26. axb3 Ra2 27. Ne1 Qe7
28. Bd2 Bd4 29. Qd1 Qe4 30. Rc1 Bg6 31. c4 bxc3 32. Bxc3 Bxf2+ 0-1

[Event "2014 Fort McMurray Open"]
[Site "Fort McMurray"]
[Date "2014.07.05"]
[Round "2.2"]
[White "Gardner, Robert"]
[Black "Tran-Ly, Tristan"]
[Result "1-0"]
[WhiteElo "2305"]
[BlackElo "1945"]
[PlyCount "79"]
[EventDate "2014.07.05"]
[EventType "swiss"]
[EventRounds "5"]
[EventCountry "CAN"]

1. d4 Nf6 2. c4 g6 3. Nc3 Bg7 4. e4 d6 5. Nf3 O-O 6. h3 e5 7. d5 Nh5 8. Be3 f5
9. exf5 gxf5 10. Ng5 Nf4 11. Bxf4 exf4 12. Qh5 h6 13. Nf3 Qe7+ 14. Kd2 Na6 15.
Re1 Qf6 16. Qh4 Bd7 17. Qxf6 Bxf6 18. Bd3 Nc5 19. b4 Nxd3 20. Kxd3 a5 21. b5
Rae8 22. Rxe8 Rxe8 23. Re1 Rxe1 24. Nxe1 Bh4 25. Ke2 Bf6 26. Nd1 a4 27. Nd3 c6
28. bxc6 bxc6 29. Nxf4 Be5 30. Kf3 cxd5 31. Nxd5 a3 32. Ke3 Ba4 33. N1c3 Bc2
34. Kd2 Be4 35. Nxe4 fxe4 36. Ke3 Kf7 37. Kxe4 Ke6 38. Nc7+ Kd7 39. Nb5 Bb2 40.
Kd5 1-0

[Event "2014 Fort McMurray Open"]
[Site "Fort McMurray"]
[Date "2014.07.05"]
[Round "2.3"]
[White "Abad, Arden Troy G."]
[Black "Rekhson, Vladislav"]
[Result "1-0"]
[WhiteElo "1746"]
[BlackElo "2286"]
[PlyCount "103"]
[EventDate "2014.07.05"]
[EventType "swiss"]
[EventRounds "5"]
[EventCountry "CAN"]

1. d4 Nf6 2. c4 c5 3. d5 b5 4. cxb5 a6 5. bxa6 g6 6. Nc3 Bxa6 7. e4 Bxf1 8.
Kxf1 d6 9. g3 Bg7 10. Kg2 Nbd7 11. a4 O-O 12. Nf3 Ng4 13. Qe2 Qa5 14. Ra3 Qb4
15. Nd2 Ngf6 16. f4 Nb6 17. a5 Nbd7 18. Ra4 Qb7 19. a6 Qc8 20. Nc4 Rxa6 21. e5
dxe5 22. fxe5 Ne8 23. Nd6 Nxd6 24. Qxa6 Nxe5 25. Qxc8 Rxc8 26. Ra7 Bf6 27. Bf4
Rb8 28. Na4 Nd3 29. Bxd6 exd6 30. Rf1 Be5 31. Rfxf7 Nxb2 32. Nxb2 Rxb2+ 33. Kh3
h6 34. Rfc7 Rb8 35. Ra4 Rf8 36. Kg4 Rb8 37. Raa7 Rb4+ 38. Kh3 Rb8 39. Rh7 c4
40. Rac7 c3 41. Rxh6 Rb5 42. Rxg6+ Kf8 43. Rg4 Rc5 44. Rxc5 dxc5 45. Rc4 Ke7
46. Rxc5 Kd6 47. Rc8 Kxd5 48. Kg4 Kd4 49. Kf5 Bd6 50. Rd8 c2 51. Rxd6+ Kc5 52.
Rd8 1-0

[Event "2014 Fort McMurray Open"]
[Site "Fort McMurray"]
[Date "2014.07.05"]
[Round "2.4"]
[White "Sequillion, Aaron"]
[Black "Burn, Jina"]
[Result "1-0"]
[WhiteElo "2224"]
[BlackElo "1653"]
[PlyCount "77"]
[EventDate "2014.07.05"]
[EventType "swiss"]
[EventRounds "5"]
[EventCountry "CAN"]

1. e4 c5 2. Nf3 d6 3. d4 cxd4 4. Nxd4 Nf6 5. Nc3 a6 6. h3 Nc6 7. Be3 g6 8. g4
Bg7 9. Bg2 Ne5 10. b3 Qc7 11. Qd2 Bd7 12. O-O Rc8 13. Nd5 Nxd5 14. exd5 Qc3 15.
Qxc3 Rxc3 16. Rac1 f5 17. Ne6 Bxe6 18. dxe6 fxg4 19. Bxb7 gxh3 20. Bxa6 O-O 21.
a4 Ng4 22. Bg5 Bf6 23. Bd2 Rc5 24. b4 Re5 25. a5 Bh4 26. f4 Rd5 27. Bd3 Rd4 28.
Rf3 h2+ 29. Kg2 h5 30. a6 g5 31. Rcf1 gxf4 32. Rxf4 Rdxf4 33. Rxf4 Rxf4 34.
Bxf4 h1=Q+ 35. Kxh1 Bf2 36. Be2 Nf6 37. c4 h4 38. c5 dxc5 39. a7 1-0

[Event "2014 Fort McMurray Open"]
[Site "Fort McMurray"]
[Date "2014.07.05"]
[Round "2.5"]
[White "Burn, Johnny"]
[Black "Miller, David"]
[Result "0-1"]
[WhiteElo "1598"]
[BlackElo "2216"]
[PlyCount "60"]
[EventDate "2014.07.05"]
[EventType "swiss"]
[EventRounds "5"]
[EventCountry "CAN"]

1. e4 c5 2. Nf3 d6 3. d4 cxd4 4. Nxd4 Nf6 5. Nc3 a6 6. f3 Qb6 7. Be3 Qxb2 8.
Na4 Qb4+ 9. c3 Qa5 10. Qb3 b5 11. Nxb5 axb5 12. Nb6 Bd7 13. Nxa8 Qxa8 14. Bxb5
e5 15. O-O Be7 16. a4 O-O 17. a5 Be6 18. c4 Na6 19. Qd3 Nd7 20. Bb6 Nac5 21.
Qc3 Nxb6 22. axb6 Qb8 23. Qa5 Bd8 24. Qc3 Qxb6 25. Rf2 f5 26. Kf1 fxe4 27. Rb2
exf3 28. gxf3 Ne4 29. Qd3 Bh3+ 30. Ke1 Qg1+ 0-1

[Event "2014 Fort McMurray Open"]
[Site "Fort McMurray"]
[Date "2014.07.05"]
[Round "3.2"]
[White "Shi, Diwen"]
[Black "Gardner, Robert"]
[Result "1-0"]
[WhiteElo "1934"]
[BlackElo "2164"]
[PlyCount "61"]
[EventDate "2014.07.05"]
[EventType "swiss"]
[EventRounds "5"]
[EventCountry "CAN"]

1. e4 d6 2. d4 Nf6 3. Nc3 g6 4. f3 c6 5. Be3 Nbd7 6. Qd2 e5 7. O-O-O Qe7 8. h4
h5 9. Kb1 a6 10. Nh3 b5 11. Ng5 b4 12. Na4 exd4 13. Bxd4 c5 14. Be3 Bb7 15. Bf4
Bc6 16. Bc4 Bxa4 17. Nxf7 d5 18. Nd6+ Kd8 19. Bxd5 Ra7 20. Nf7+ Ke8 21. Bd6
Qxf7 22. Bxf7+ Kxf7 23. e5 Ne8 24. e6+ Kxe6 25. Rhe1+ Kf7 26. Qd5+ Kg7 27. Rxe8
Bxd6 28. Rxh8 Kxh8 29. Qxd6 Kg7 30. Qe7+ Kh6 31. Rd6 1-0

[Event "2014 Fort McMurray Open"]
[Site "Fort McMurray"]
[Date "2014.07.05"]
[Round "3.5"]
[White "Rekhson, Vladislav"]
[Black "Koperski, Dustin"]
[Result "1-0"]
[WhiteElo "2286"]
[BlackElo "1540"]
[PlyCount "29"]
[EventDate "2014.07.05"]
[EventType "swiss"]
[EventRounds "5"]
[EventCountry "CAN"]

1. d4 Nf6 2. c4 c5 3. e3 g6 4. Nf3 Bg7 5. Nc3 cxd4 6. exd4 d5 7. Bg5 e6 8. Bd3
dxc4 9. Bxc4 Nbd7 10. O-O O-O 11. Qe2 b6 12. Ne5 Bb7 13. Nb5 Qe7 14. Rfe1 Ba6
15. Nc6 1-0

[Event "2014 Fort McMurray Open"]
[Site "Fort McMurray"]
[Date "2014.07.06"]
[Round "4.2"]
[White "Pechenkin, Vladimir"]
[Black "Miller, David"]
[Result "1/2-1/2"]
[WhiteElo "2404"]
[BlackElo "2216"]
[PlyCount "60"]
[EventDate "2014.07.05"]
[EventType "swiss"]
[EventRounds "5"]
[EventCountry "CAN"]

1. c4 e5 2. g3 Nf6 3. Bg2 d5 4. cxd5 Nxd5 5. Nc3 Nb6 6. Nf3 Nc6 7. O-O Be7 8.
a3 O-O 9. b4 Be6 10. Rb1 f6 11. d3 Nd4 12. Nd2 Nd5 13. Bb2 Nxc3 14. Bxc3 Bd5
15. Bxd5+ Qxd5 16. Bxd4 exd4 17. Qb3 Rfd8 18. Rfc1 Qxb3 19. Nxb3 Rd7 20. Rc4
Rad8 21. a4 c6 22. a5 a6 23. Nc5 Rd5 24. Kg2 Bxc5 25. bxc5 R8d7 26. h4 h5 27.
Rb2 Re5 28. Kf1 Kf7 29. Rcb4 Ree7 30. Rc2 Re5 1/2-1/2

[Event "2014 Fort McMurray Open"]
[Site "Fort McMurray"]
[Date "2014.07.06"]
[Round "4.3"]
[White "Sequillion, Aaron"]
[Black "Mugodo, Joseph"]
[Result "1-0"]
[WhiteElo "2224"]
[BlackElo "1686"]
[PlyCount "127"]
[EventDate "2014.07.05"]
[EventType "swiss"]
[EventRounds "5"]
[EventCountry "CAN"]

1. e4 e5 2. f4 Qh4+ 3. g3 Qe7 4. Nc3 exf4 5. Nf3 fxg3 6. hxg3 Nf6 7. Qe2 d6 8.
d4 Bg4 9. Bg2 Nc6 10. Qd3 O-O-O 11. a3 Re8 12. Bg5 Qd7 13. O-O-O Nh5 14. Ne2 f6
15. Be3 g5 16. d5 Ne5 17. Nxe5 dxe5 18. Bxa7 Bxe2 19. Qxe2 Nxg3 20. Qf3 g4 21.
Qxg3 b6 22. Bf1 h5 23. Ba6+ Kd8 24. d6 Bxd6 25. Bxb6 cxb6 26. Rxd6 Qxd6 27. Rd1
Qxd1+ 28. Kxd1 Ke7 29. Qc3 Kf7 30. Be2 Rd8+ 31. Ke1 Rd4 32. Kf2 Kg6 33. Qe3
Rhd8 34. c3 R4d6 35. Kg3 Rd2 36. Qxb6 R8d6 37. Qc5 Rd8 38. Bc4 Kg5 39. Qe3+ Kg6
40. b4 Rd1 41. Bd5 Rf1 42. Qa7 Rf3+ 43. Kg2 Kg5 44. Qg7+ Kh4 45. a4 Rg3+ 46.
Kh2 Rh3+ 47. Kg2 Rg3+ 48. Kf2 Rf3+ 49. Ke2 Kg3 50. Qa7 h4 51. Qg1+ Kf4 52. Qc1+
Kg3 53. Qg1+ Kh3 54. Be6 Rf4 55. Bxg4+ Rxg4 56. Qh1+ Kg3 57. Qf3+ Kh2 58. Qxg4
h3 59. Kf1 Rd1+ 60. Qxd1 Kg3 61. Qd3+ Kf4 62. Qxh3 Kxe4 63. Qh4+ Kf5 64. a5 1-0

[Event "2014 Fort McMurray Open"]
[Site "Fort McMurray"]
[Date "2014.07.06"]
[Round "4.4"]
[White "Gardner, Robert"]
[Black "Van Den Born, Ico"]
[Result "1-0"]
[WhiteElo "2305"]
[BlackElo "1792"]
[PlyCount "55"]
[EventDate "2014.07.05"]
[EventType "swiss"]
[EventRounds "5"]
[EventCountry "CAN"]

1. d4 Nf6 2. c4 g6 3. Nc3 d5 4. Nf3 Bg7 5. Bg5 Ne4 6. Bf4 Nxc3 7. bxc3 c5 8. e3
O-O 9. cxd5 cxd4 10. cxd4 Qxd5 11. Be2 Nc6 12. O-O Bf5 13. Qa4 a6 14. Rac1 Rfc8
15. Rc5 Qd7 16. Qb3 b5 17. Rfc1 h6 18. a4 g5 19. Bxg5 bxa4 20. Qxa4 Nxd4 21.
Rxc8+ Rxc8 22. Rxc8+ Qxc8 23. exd4 hxg5 24. Qxa6 Qxa6 25. Bxa6 f6 26. d5 Be4
27. Bc4 Bxf3 28. d6+ 1-0

[Event "2014 Fort McMurray Open"]
[Site "Fort McMurray"]
[Date "2014.07.06"]
[Round "4.5"]
[White "Burn, Jina"]
[Black "Rekhson, Vladislav"]
[Result "0-1"]
[WhiteElo "1653"]
[BlackElo "2286"]
[PlyCount "106"]
[EventDate "2014.07.05"]
[EventType "swiss"]
[EventRounds "5"]
[EventCountry "CAN"]

1. e4 c5 2. Nf3 a6 3. d4 cxd4 4. Nxd4 Nf6 5. Nc3 e5 6. Nf3 Bb4 7. Bd3 d5 8.
exd5 e4 9. Bc4 exf3 10. Qxf3 O-O 11. O-O Qc7 12. Ne4 Nxe4 13. Qxe4 Bd6 14. h3
Bf5 15. Qxf5 Qxc4 16. b3 Qc8 17. Qd3 Nd7 18. c4 Re8 19. Bb2 Qd8 20. Rfe1 Qg5
21. Bd4 Bb4 22. Re3 Rxe3 23. Bxe3 Qg6 24. Qxg6 hxg6 25. a3 Bc3 26. Ra2 a5 27.
Rc2 Be5 28. c5 Nf6 29. d6 Rc8 30. Rd2 Nd7 31. f4 Bf6 32. Rd5 Bb2 33. c6 Rxc6
34. Rxa5 Rxd6 35. Ra8+ Kh7 36. a4 Bd4 37. Bxd4 Rxd4 38. Rd8 Rd3 39. b4 Nc5 40.
Rf8 Nxa4 41. Rxf7 b5 42. Rb7 Rd5 43. Kf2 g5 44. g3 gxf4 45. gxf4 Rh5 46. Kg3
Kg6 47. Kg4 Rd5 48. h4 Kf6 49. h5 Nc3 50. Rb6+ Ke7 51. Rb7+ Rd7 52. Rb6 Rd6 53.
Rb7+ Kf6 0-1

[Event "2014 Fort McMurray Open"]
[Site "Fort McMurray"]
[Date "2014.07.06"]
[Round "4.6"]
[White "Abad, Arden Troy G."]
[Black "Smith, Mark"]
[Result "1/2-1/2"]
[WhiteElo "1746"]
[BlackElo "2174"]
[PlyCount "70"]
[EventDate "2014.07.05"]
[EventType "swiss"]
[EventRounds "5"]
[EventCountry "CAN"]

1. d4 c6 2. c4 d5 3. Nf3 Nf6 4. e3 e6 5. Bd3 a6 6. O-O dxc4 7. Bxc4 b5 8. Bd3
Bb7 9. Qe2 Be7 10. Nc3 O-O 11. e4 c5 12. dxc5 Bxc5 13. e5 Bxf3 14. Qxf3 Nd5 15.
Be4 Nc6 16. Nxd5 exd5 17. Bxd5 Nd4 18. Qe4 Rc8 19. Rd1 Ne6 20. Qg4 Qe7 21. Bf4
Nxf4 22. Qxf4 Rce8 23. Rac1 Ba7 24. Re1 Rd8 25. Rcd1 Kh8 26. b4 Rd7 27. Bb3
Rxd1 28. Rxd1 Bb8 29. g3 f6 30. exf6 gxf6 31. Qf5 Bd6 32. Bc2 Rf7 33. Bb3 Rf8
34. Bc2 Rf7 35. Bb3 Rf8 1/2-1/2

[Event "2014 Fort McMurray Open"]
[Site "Fort McMurray"]
[Date "2014.07.06"]
[Round "5.1"]
[White "Shi, Diwen"]
[Black "Sequillion, Aaron"]
[Result "1/2-1/2"]
[WhiteElo "1934"]
[BlackElo "2053"]
[PlyCount "22"]
[EventDate "2014.07.05"]
[EventType "swiss"]
[EventRounds "5"]
[EventCountry "CAN"]

1. e4 c5 2. Nc3 Nc6 3. f4 e6 4. Nf3 d5 5. Bb5 Nge7 6. exd5 exd5 7. Qe2 Qd6 8.
O-O Bg4 9. h3 Bxf3 10. Qxf3 O-O-O 11. Bxc6 Nxc6 1/2-1/2

[Event "2014 Fort McMurray Open"]
[Site "Fort McMurray"]
[Date "2014.07.06"]
[Round "5.2"]
[White "Porper, Edward"]
[Black "Tran-Ly, Tristan"]
[Result "1-0"]
[WhiteElo "2496"]
[BlackElo "1945"]
[PlyCount "39"]
[EventDate "2014.07.05"]
[EventType "swiss"]
[EventRounds "5"]
[EventCountry "CAN"]

1. d4 e6 2. c4 b6 3. a3 Bb7 4. Nc3 f5 5. d5 Nf6 6. Nf3 Bd6 7. g3 O-O 8. Bg2 Na6
9. b4 e5 10. e4 fxe4 11. Ng5 Qe7 12. Ngxe4 Nxe4 13. Nxe4 h6 14. O-O Rad8 15.
Qb3 Kh8 16. c5 Bxc5 17. bxc5 Nxc5 18. Nxc5 Qxc5 19. Be3 Qe7 20. d6 1-0

[Event "2014 Fort McMurray Open"]
[Site "Fort McMurray"]
[Date "2014.07.06"]
[Round "5.3"]
[White "Rekhson, Vladislav"]
[Black "Pechenkin, Vladimir"]
[Result "0-1"]
[WhiteElo "2286"]
[BlackElo "2404"]
[PlyCount "66"]
[EventDate "2014.07.05"]
[EventType "swiss"]
[EventRounds "5"]
[EventCountry "CAN"]

1. Nf3 Nf6 2. g3 d5 3. Bg2 e6 4. O-O Be7 5. d3 c5 6. Nbd2 Nc6 7. e4 b6 8. Ne1
Bb7 9. f4 dxe4 10. dxe4 Qc7 11. c3 O-O-O 12. Qe2 Kb8 13. Nef3 h6 14. Nc4 Ba6
15. b3 Rhf8 16. Bb2 e5 17. Nh4 exf4 18. gxf4 g5 19. Nf5 gxf4 20. Bc1 Bxc4 21.
bxc4 f3 22. Rxf3 Ng4 23. e5 Ngxe5 24. Bf4 Bg5 25. Bg3 Rfe8 26. Kh1 Re6 27. Qe4
a5 28. Ng7 Re7 29. h4 Bd2 30. Rf6 Ka7 31. Rd1 Bxc3 32. Rxd8 Qxd8 33. Nf5 Qd1+
0-1

[Event "2014 Fort McMurray Open"]
[Site "Fort McMurray"]
[Date "2014.07.06"]
[Round "5.4"]
[White "Miller, David"]
[Black "Gardner, Robert"]
[Result "1-0"]
[WhiteElo "2027"]
[BlackElo "2164"]
[PlyCount "51"]
[EventDate "2014.07.05"]
[EventType "swiss"]
[EventRounds "5"]
[EventCountry "CAN"]

1. e4 g6 2. d4 Bg7 3. Nc3 d6 4. Be2 c6 5. Nf3 Nf6 6. O-O O-O 7. h3 b5 8. a3 Qc7
9. Bg5 h6 10. Be3 Nbd7 11. Qc1 Kh7 12. Nd2 a6 13. f4 Bb7 14. e5 Nd5 15. Nxd5
cxd5 16. Nf3 Nb6 17. b3 f6 18. f5 gxf5 19. e6 Bc8 20. Nh4 Bxe6 21. Bd3 Rh8 22.
Qe1 Bf7 23. Nxf5 Bg6 24. Qh4 h5 25. Qxh5+ Bxh5 26. Nxe7+ 1-0

[Event "2014 Fort McMurray Open"]
[Site "Fort McMurray"]
[Date "2014.07.06"]
[Round "5.6"]
[White "Mugodo, Joseph"]
[Black "Van Den Born, Ico"]
[Result "1-0"]
[WhiteElo "1686"]
[BlackElo "1792"]
[PlyCount "93"]
[EventDate "2014.07.05"]
[EventType "swiss"]
[EventRounds "5"]
[EventCountry "CAN"]

1. e4 e6 2. d4 d5 3. e5 c5 4. f4 cxd4 5. Qxd4 Bd7 6. Nf3 Qc7 7. Nc3 a6 8. Qf2
Nh6 9. Bd3 Nc6 10. Be3 Ng4 11. Qg1 Nxe3 12. Qxe3 Nb4 13. a3 Bc5 14. Qd2 Nxd3+
15. cxd3 Rc8 16. d4 Be7 17. O-O b5 18. Rac1 Qb6 19. Qd3 Rc4 20. Rfd1 b4 21. Nb1
Bb5 22. Rxc4 Bxc4 23. Qc2 O-O 24. b3 Bb5 25. a4 Bd7 26. Qd3 Rc8 27. g4 g6 28.
Kg2 Rc6 29. Kg3 Qc7 30. h4 Rc2 31. Qxa6 Rg2+ 32. Kxg2 Qc2+ 33. Rd2 Qxb1 34. Qb7
Qe4 35. Kg3 Qe3 36. g5 Qxb3 37. Qxd7 Bf8 38. a5 Qa3 39. Qb5 b3 40. a6 Bb4 41.
Rd1 b2 42. Qb8+ Kg7 43. a7 Qa1 44. Qxb4 Qxd1 45. Qxb2 Qa4 46. Qb8 h5 47. a8=Q
1-0